Statistics for Big Country Quiz

Click here to take the quiz!

General Stats

  • This quiz has been taken 4 times
  • The average score is 5 of 9

Answer Stats

HintAnswer% Correct
In which year did lead singer die?2001
100%
Which year was their first album released?1983
67%
What was their first UK Top ten success?Fields of Fire
67%
Who was the lead singer?Stuart Adamson
67%
What was the name of their first album?The Crossing
67%
Which was their first single release?Harvest Home
33%
What was the name of their second album?Steeltown
33%
Name their bass player?Tony Butler
33%
Who was their manager?Steve Lilywhite
0%

Score Distribution

Percentile by Number Answered

Percent of People with Each Score

Your Score History

You have not taken this quiz